| 000 | 01149nam a2200289 i 4500 | ||
|---|---|---|---|
| 001 | bg | ||
| 245 | 0 | 0 |
_aStan czystości rzek, jezior i Bałtyku : _bna podstawie wyników badań wykonywanych w ramach państwowego monitoringu środowiska w latach 1996-1997 / _caut. Anna Bożek [et al. ; red. Anna Rudlicka ; Państwowa Inspekcja Ochrony Środowiska]. |
| 260 |
_aWarszawa : _bPIOŚ, _c1998. |
||
| 300 |
_a203 s. : _bmapy, wykr. kolor. ; _c24 cm. |
||
| 490 | 1 | _aBiblioteka Monitoringu Środowiska | |
| 504 | _aBibliogr. s. 197-198, 202-203. | ||
| 650 | 9 |
_aJeziora _xhigiena _zPolska _yod 1989 r. |
|
| 650 | 9 |
_aRzeki _xhigiena _zPolska _yod 1989 r. |
|
| 650 | 9 |
_aŚrodowisko człowieka _xhigiena i ochrona _zPolska _yod 1989 r. |
|
| 651 | 9 |
_aBałtyk _xhigiena _yod 1989 r. |
|
| 700 | 1 | _aBOŻEK, Anna | |
| 700 | 1 |
_aRUDLICKA, Anna. _eRed. |
|
| 710 | 0 | _aPaństwowa Inspekcja Ochrony Środowiska (Warszawa) | |
| 830 | _aBiblioteka Monitoringu Środowiska | ||
| 020 | _a8372170584 | ||
| 040 | _cBPK | ||
| 041 | 0 | _apl | |
| 080 | _a504.4.064.3(438)"1989/..." | ||
| 920 | _a83-7217-058-4 | ||
| 942 | _cKS | ||
| 008 | s pl f |000 0 pol | ||
| 999 |
_c34750 _d34750 |
||
| 856 |
_uhttp://koha.tu.koszalin.pl/cgi-bin/koha/opac-detail.pl?biblionumber=34750 _yKatalog online BPK |
||